Statistics for Districts of Balıkesir (Balıkesir'in ilçeleri).

Click here to take the quiz!

General Stats

  • This quiz has been taken 36 times
  • The average score is 14 of 20

Answer Stats

Populatin (Nüfus)District (İlçe)% Correct
74.030Ayvalık
86%
164.965Bandırma
86%
167.901Edremit
82%
74.871Gönen
82%
64.283Burhaniye
77%
183.736Altıeylül
73%
31.902Erdek
68%
28.058Havran
68%
31.512İvrindi
68%
16.765Savaştepe
68%
33.333Dursunbey
64%
187.362Karesi
64%
21.825Kepsut
64%
18.066Manyas
64%
32.408Sındırgı
64%
37.724Susurluk
64%
48.917Bigadiç
59%
16.880Gömeç
59%
10.601Marmara
59%
12.451Balya
55%

Score Distribution

Percentile by Number Answered

Percent of People with Each Score

Your Score History

You have not taken this quiz